Metodología de la investigación
Αποθηκεύτηκε σε:
| Κύριοι συγγραφείς: | , , |
|---|---|
| Μορφή: | Βιβλίο |
| Γλώσσα: | Ισπανικά |
| Έκδοση: |
Ciudad de México
McGraw-Hill
2006
|
| Έκδοση: | 4a. ed |
| Θέματα: | |
| Ετικέτες: |
Προσθήκη ετικέτας
Δεν υπάρχουν, Καταχωρήστε ετικέτα πρώτοι!
|
MARC
| LEADER | 00000nam a2200000 a 4500 | ||
|---|---|---|---|
| 001 | UCI1082 | ||
| 003 | CL-VaPUC | ||
| 005 | 20240923092612.0 | ||
| 008 | 070615e20060000MX |||||||||||||||||spa|d | ||
| 999 | |c 325995 |d 325993 | ||
| 020 | |a 9789701057537 | ||
| 040 | |c Pontificia Universidad Católica de Valparaíso | ||
| 082 | 0 | 4 | |a 001.42 |b HER |2 21 |
| 100 | |a Hernández Sampieri, Roberto |e autor |9 581658 | ||
| 245 | 1 | 0 | |a Metodología de la investigación |
| 250 | |a 4a. ed | ||
| 260 | |a Ciudad de México |b McGraw-Hill |c 2006 | ||
| 300 | |a 850 p | ||
| 500 | |a Contiene un Cd-rom | ||
| 500 | |a Libro sin CD | ||
| 583 | |a last modification |c 20190726 10:05:13 |k Rodrigo Vera | ||
| 650 | 0 | |a Investigación |x Metodología |x Teoría |9 872470 | |
| 650 | 0 | |a Métodos de investigación |x Diseños de investigación |x Investigación cuantitativa |x Investigación cualitativa |x Investigación mixta |9 389535 | |
| 700 | 0 | |a Fernández Collado, Carlos |e author |9 521407 | |
| 700 | 0 | |a Baptista Lucio, María del Pilar |e author |9 521408 | |
| 942 | |c BK |2 ddc | ||
| 945 | |d 20070615 00:00:00 |a jtorresc | ||
| 952 | |0 0 |1 0 |2 ddc |4 0 |6 001_420000000000000_HER_2006 |7 0 |8 A |9 407572 |a BIBING |b BIBING |c RES |d 2019-11-22 |i 4348877 |l 1 |o 001.42 HER 2006 |p 4348877 |r 2025-01-20 |s 2023-03-17 |w 2019-11-22 |y BK |k CCI | ||
| 952 | |0 0 |1 0 |2 ddc |4 0 |6 001_420000000000000_HER_2006 |7 0 |8 R |9 407573 |a BIBENE |b BIBENE |c PAC |d 2019-11-22 |i 4362713 |o 001.42 HER 2006 |p 4362713 |r 2025-01-15 |w 2019-11-22 |y BK |k ICO | ||
| 952 | |0 0 |1 0 |2 ddc |4 0 |6 001_420000000000000_HER_2006 |7 0 |8 R |9 407574 |a BIBENE |b BIBENE |c PAC |d 2019-11-22 |i 4356993 |o 001.42 HER 2006 |p 4356993 |r 2025-01-15 |w 2019-11-22 |y BK |k ICO | ||
| 952 | |0 0 |1 0 |4 0 |6 001_420000000000000_HER_2006 |7 0 |8 A |9 407575 |a BIBALI |b BIBALI |c RES |d 2019-11-22 |i 4347846 |o 001.42 HER 2006 |p 4347846 |r 2025-01-20 |w 2019-11-22 |y BK_R |k ALI | ||
| 952 | |0 0 |1 0 |2 ddc |4 0 |6 001_420000000000000_HER_2006 |7 0 |8 A |9 407576 |a BIBING |b BIBING |c RES |d 2019-11-22 |i 4428951 |o 001.42 HER 2006 |p 4428951 |r 2025-01-20 |w 2019-11-22 |y BK |k GEO | ||
| 952 | |0 0 |1 0 |2 ddc |4 0 |6 001_420000000000000_HER_2006 |7 0 |8 A |9 407577 |a BIBING |b BIBING |c RES |d 2019-11-22 |i 443059K |l 2 |o 001.42 HER 2006 |p 443059K |r 2025-01-20 |s 2023-08-29 |w 2019-11-22 |y BK |k CCL | ||
| 952 | |0 0 |1 0 |4 0 |6 001_420000000000000_HER_2006 |7 0 |8 A |9 407579 |a BIBCUR |b BIBCUR |d 2019-11-22 |i 4522532 |l 1 |o 001.42 HER 2006 |p 4522532 |r 2025-04-22 |s 2024-10-23 |w 2019-11-22 |y BK |k PER | ||
| 952 | |0 0 |1 0 |4 0 |6 001_420000000000000_HER_2006 |7 0 |8 A |9 407580 |a BIBHIS |b BIBHIS |d 2019-11-22 |i 4554582 |l 3 |o 001.42 HER 2006 |p 4554582 |r 2025-01-20 |s 2023-06-08 |w 2019-11-22 |y BK |k HIS | ||
| 952 | |0 0 |1 0 |4 0 |6 001_420000000000000_HER_2006 |7 0 |8 A |9 407581 |a BIBCUR |b BIBCUR |d 2019-11-22 |i 4573358 |l 1 |o 001.42 HER 2006 |p 4573358 |r 2025-04-22 |s 2024-10-23 |w 2019-11-22 |y BK |k PER | ||
| 952 | |0 0 |1 0 |4 0 |6 001_420000000000000_HER_2006 |7 0 |8 A |9 407582 |a BIBCUR |b BIBCUR |d 2019-11-22 |i 4573366 |l 2 |m 1 |o 001.42 HER 2006 |p 4573366 |r 2025-04-22 |s 2024-10-23 |w 2019-11-22 |y BK |k PER | ||
| 952 | |0 0 |1 0 |4 0 |6 001_420000000000000_HER_2006 |7 0 |8 R |9 407583 |a BIBGIM |b BIBGIM |d 2019-11-22 |i 4650263 |o 001.42 HER 2006 |p 4650263 |r 2025-01-15 |w 2019-11-22 |y BK_R |k SSL | ||
| 952 | |0 0 |1 0 |4 0 |6 001_420000000000000_HER_2006 |7 0 |8 R |9 407584 |a BIBGIM |b BIBGIM |d 2019-11-22 |i 4650271 |o 001.42 HER 2006 |p 4650271 |r 2025-01-15 |w 2019-11-22 |y BK_R |k SSL | ||
| 952 | |0 0 |1 0 |4 0 |6 001_420000000000000_HER_2006 |7 0 |8 A |9 407585 |a BIBCUR |b BIBCUR |d 2019-11-22 |i 1088556 |l 2 |o 001.42 HER 2006 |p 1088556 |r 2025-04-22 |s 2024-10-23 |w 2019-11-22 |y BK |k KIN | ||
| 952 | |0 0 |1 0 |2 ddc |4 0 |6 001_420000000000000_HER_2006 |7 0 |8 A |9 407586 |a BIBEDU |b BIBEDU |d 2019-11-22 |i 4688619 |l 1 |o 001.42 HER 2006 |p 4688619 |r 2024-05-22 |s 2024-04-02 |w 2019-11-22 |y BK |k MUS | ||
| 952 | |0 0 |1 0 |2 ddc |4 0 |6 001_420000000000000_HER_2006 |7 0 |8 A |9 407587 |a BIBING |b BIBING |c RES |d 2019-11-22 |i 4706900 |o 001.42 HER 2006 |p 4706900 |r 2025-01-20 |w 2019-11-22 |y BK |k ING | ||